LEADER 00800nam a2200205 i 4500 001 000000217265 003 CaOOAMICUS 005 20121129000000.0 008 121129s1935 it u000 u ita u 013 $a196162 040 $aSeMil$bita 100 1 $aPoggiali, Ciro.$0(OLS)http://semarc/name/76715 245 10$aMilano fra la dinamica e la storia /$cCiro Poggiali. 260 $aMilano :$bGiacomo Agnelli,$c1935. 300 $a462 p., 16 c. di tav. :$bill. ;$c20 cm. 650 4$aMilano - Storia.$0(OLS)http://semarc/subject/766 850 $aSeMil 852 $aSeMil$W1$xVenegono$y1$m3O II 40$j167679$B167679$CSeMilBibl$Z2$F178455 $81 996 $6245$aMilano fra la dinamica e la storia$9(OLS)http://semarc/title/312183 996 $6260$aMilano :$bGiacomo Agnelli$9(OLS)http://semarc/publisher/31323 LEADER 01204nam a2200241 i 4500 001 000000240752 003 CaOOAMICUS 005 20150409000000.0 008 150409s1776 it u000 u lat u 013 $a219657 026 $ahii- u-s, o-si vite (3) 1776 (R) 040 $aSeMil$bita 245 13$aDe vita et rebus gestis ven. servi dei Innocentii 11. pont. max. commentarius. 260 $aRomae :$bEx Typographia Marci Palearini,$c1776. 300 $aXVIII, [2], 160 p. ;$c8º. 500 $aNome dell'A., Filippo Buonamici a c. *2r. - Fregio xilogr. sul front. - Iniz., fregi xilogr. - A c. *10v marca xilogr. - Segn. : *10 A-K8. 600 04$aInnocenzo XI .$0(OLS)http://semarc/subject/11395 700 1 $aBuonamici, Filippo,$d<1705-1780>.$0(OLS)http://semarc/name/12079 700 1 $aPagliarini, Marco,$c.$0(OLS)http://semarc/name/4573 850 $aSeMil 852 $aSeMil$W1$xVenegono$y1$m3D IV 90 FA$j191098$B191098$CSeMilBibl$Z2$F201912 $8I 996 $6245$aDe vita et rebus gestis ven. servi dei Innocentii 11. pont. max. commentarius$9(OLS)http://semarc/title/342313 996 $6260$aRomae :$bEx Typographia Marci Palearini$9(OLS)http://semarc/publisher/54484